EGOT Winners - Statistics

General Stats
  • This quiz has been taken 482 times
    54 since last reset
  • The average score is 5 of 27
Answer Stats
Order Emmy Grammy Oscar Tony Other Answer % Correct
10 2002(D)+ 1985 1990 2001 G Whoopi Goldberg
50%
19 2024 1987+ 1995+ 2000 G,K,Kn Elton John
42%
5 1993 1994 1953 1954 G,F Audrey Hepburn
39%
18 2015+ 2023 2017+ 2001+ G Viola Davis
39%
17 2021(D) 2009+ 2006 2022 G Jennifer Hudson
37%
13 2018 2006+ 2015 2017 G, John Legend
34%
1977 1964 1994* 2016 K,A Quincy Jones
29%
1965 1964 1968 1970* G,K,F,A Barbra Streisand
26%
1991 1977 2011* 1969 G,K,A James Earl Jones
24%
2 1977+ 1972 1961 1975 G,K,F,A Rita Moreno
24%
1973 1990* 1972 1965 G Liza Minnelli
21%
8 1967+ 1998+ 1968 2001 K,A Mel Brooks
18%
1 1962 1960+ 1945 1950+ P,G,K Richard Rodgers
18%
13 2018 1980+ 1996 1980+ G,K Andrew Lloyd Webber
16%
19 2024 2018+ 2017 2017+ G Justin Paul
16%
19 2024 2018+ 2017 2017+ G Benj Pasek
13%
8 2001+ 1961 1967 2001 G,K,A Mike Nichols
13%
12 2008(D)+ 2012+ 2014+ 2004+ M Robert Lopez
11%
13 2018 1980 1993 1980+ G Tim Rice
11%
16 2020(D) 1992 1990 2012 G Alan Menken
8%
2 1953 1977 1932+ 1947+ K,F,A Helen Hayes
8%
11 1984 2012 2007 1994+ Scott Rudin
5%
4 1991 1979 1981 1961+ G John Gielgud
3%
6 1995+ 1974+ 1973+ 1976 P,G Marvin Hamlisch
3%
2023 2023 2019* 2022 Frank Marshall
0%
1960 1961 2014* 1953 K,A Harry Belafonte
0%
7 1982 1988 1977 1997 Jonathan Tunick
0%
No matching quizzes found
Score Distribution
Percent of People with Each Score
Percentile by Number Answered
Your Score History
You have not taken this quiz since the last reset